| 000 | 02475nam a2200289 a 4500 | ||
|---|---|---|---|
| 001 | 000022644 | ||
| 005 | 20200930021720.0 | ||
| 008 | 101014s2009 dr ac 001 0 spa d | ||
| 040 |
_aDO-SdBNP _bspa _cBNPHU |
||
| 082 |
_a345.05 _bA169j |
||
| 111 | 2 |
_aCongreso Nacional de Defensa Pública _n(2 : _d2008 jul. 15-16 : _cSanto Domingo) _946595 |
|
| 245 | 1 | 0 |
_aAcceso a la justicia, proceso penal y sistema de garantías : _bcontentivo de una recopilación de las ponencias del congreso / _cen torno a la participación del Dr. Luigi Ferrajoli ; coordinación general Lino Vásquez Sámuel ; coordinación de la edición Marien Montero Beard. |
| 260 |
_aSanto Domingo : _bComisionado de Apoyo a la Reforma y Modernización de la Justicia, _c2009. |
||
| 300 |
_a146 p. : _bil., retrs. ; _c25 cm. |
||
| 504 | _aIncluye bibliografía y notas al pie de páginas. | ||
| 505 | 0 |
_gPresentación / _rLino Vásquez Sámuel -- _tPalabras de bienvenida / _rMag. Jorge A. Subero Isa -- _tPalabras de apertura / _rDra. Laura Hernández -- _tPalabras de apertura / _rDr. Alejandro Moscoso Segarra -- _t"Los fundamentos del instituto de la defensa pública" / _rLuigi Ferrajoli -- _t"Defensa pública como garante de acceso a la justicia" / _rDr. César Pina Toribio -- _t"La lucha por los derechos y los retos de la globalización" -- _rDr. Alberto Filippi -- _t"La revuelta contra el garantismo" -- _rDr. Juan Manuel Pellerano Gómez -- _tPanel "Reforma constitucional y sistema de garantías "-- _tPanel "La justicia y las entidades del proceso penal -- _t"Balance del proceso penal dominicano en la afirmación de un sistema de garantías" / _tLic. Ramón Núñez -- _tPalabras de clausura / _rDra. Laura Hernández R. -- _t"Democracia constitucional y derechos fundamentales en el tiempo de la globalización" / _rDr. Luigi Ferrajoli -- _gGalería de imágenes. |
|
| 590 | _aInventariado,2018/DG | ||
| 650 | 4 |
_aProcedimiento penal _zRepública Dominicana _xCongresos, conferencias, etc. _946596 |
|
| 650 | 4 |
_aDerecho procesal _zRepública Dominicana _xCongresos, conferencias, etc. _946597 |
|
| 650 | 4 |
_aDerecho civil _zRepública Dominicana _xCongresos, conferencias, etc. _946598 |
|
| 650 | 4 |
_aDefensa (procedimiento penal) _xCongresos, conferencias, etc. _946599 |
|
| 650 | 4 |
_aFianzas _xCongresos, conferencias, etc. _946600 |
|
| 710 | 1 |
_aFerrajoli, Luigi _946601 |
|
| 710 | 1 |
_aVásquez Sámuel, Lino, _ecoord. _946602 |
|
| 710 | 1 |
_aMontero Beard, Marien, _ded. _946603 |
|
| 910 | _aValidado. Control de calidad EMS | ||
| 999 |
_c22141 _d22141 |
||